Wizz Air destinations 2026 - Statistics

General Stats
  • This quiz has been taken 112 times
    23 since last reset
  • The average score is 119 of 181
Answer Stats
Country Destination % Correct
Albania Tirana
94%
Azerbaijan Baku
89%
Germany Berlin
89%
Belgium Brussels Charleroi
89%
Bucharest (Baneasa)
89%
Bucharest (Otopeni)
89%
Hungary Budapest
89%
Cologne
89%
Lisbon
89%
Slovenia Ljubljana
89%
Malta Malta
89%
Milan (Bergamo)
89%
Milan (Malpensa)
89%
Porto
89%
Iceland Reykjavik
89%
Rome (Ciampino)
89%
Rome (Fiumicino)
89%
Sarajevo
89%
Skopje
89%
Sofia
89%
Isarel Tel Aviv
89%
Venice
89%
Jordan Amman
83%
Greece Athens
83%
Barcelona El Prat
83%
Bari
83%
Serbia Belgrade
83%
Bergen
83%
Slovakia Bratislava
83%
Cairo Sphinx
83%
Catania
83%
Moldova Chisinau
83%
Copenhagen
83%
Corfu
83%
Dubai
83%
Netherlands Eindhoven
83%
Portugal Faro
83%
Poland Gdansk
83%
Glasgow
83%
Hamburg
83%
Istanbul
83%
Saudi Arabia Jeddah
83%
London (Gatwick)
83%
London (Luton)
83%
Lyon
83%
Madrid
83%
Naples
83%
Oslo
83%
Palermo
83%
Montenegro Podgorica
83%
Czech Republic Prague
83%
Sandefjord Torp
83%
Sharm El Sheikh
83%
Estonia Tallinn
83%
Vilnius
83%
Warsaw (Chopin)
83%
Warsaw (Modlin)
83%
Yerevan
83%
United Arab Emirates Abu Dhabi
78%
Egypt Alexandria
78%
Turkiye Ankara
78%
Antalya
78%
Birmingham
78%
Cluj-Napoca
78%
Croatia Dubrovnik
78%
Frankfurt Hahn
78%
Funchal (Madeira)
78%
Genoa
78%
Katowice
78%
Krakow
78%
Cyprus Larnaca
78%
Liverpool
78%
Marrakech
78%
Mykonos
78%
Paphos
78%
Paris (Beauvais)
78%
Paris (Orly)
78%
Split
78%
Stockholm
78%
Thessaloniki
78%
Tromso
78%
Turin
78%
Wroclaw
78%
Zadar
78%
Spain Alicante
72%
Bilbao
72%
Denmark Billund
72%
Bologna
72%
Ibiza
72%
Lithuania Kaunas
72%
Nice
72%
Palma de Mallorca
72%
Kosovo Pristina
72%
Santorini
72%
Varna
72%
Bordeaux
67%
Sweden Gothenburg
67%
Heraklion
67%
Hurghada
67%
Malaga
67%
Plovdiv
67%
Seville
67%
Tenerife
67%
Valencia
67%
Verona
67%
Zakynthos
67%
United Kingdom Aberdeen
61%
Brindisi
61%
Bulgaria Burgas
61%
Debrecen
61%
Iasi
61%
Kefalonia
61%
Kosice
61%
Menorca
61%
Pisa
61%
Poznan
61%
Rhodes
61%
Timisoara
61%
Trieste
61%
Bosnia and Herzegovina Banja Luka
56%
Craiova
56%
Dalaman
56%
Fuerteventura
56%
Gran Canaria
56%
Leeds
56%
Malmo
56%
Medina
56%
Nis
56%
Nuremberg
56%
Olbia
56%
Rijeka
56%
RImini
56%
Stuttgart
56%
Szczecin
56%
France Basel Mulhouse Freiburg
50%
Chania
50%
Constanta
50%
Dortmund
50%
Georgia Kutaisi
50%
Lublin
50%
Memmingen
50%
Stavanger
50%
Treviso
50%
Trondheim
50%
Tuzla
50%
Morocco Agadir
44%
Norway Alesund
44%
Italy Alghero
44%
Ancona
44%
Brasov
44%
Lamezia Terme
44%
Marsa Alam
44%
Rzeszow
44%
Skiathos
44%
Maastricht
39%
Macedonia Ohrid
39%
Sibiu
39%
Finland Turku
39%
Zaragoza
39%
Castellon
33%
Friedrichshafen
33%
Grenoble
33%
Kalamata
33%
Karlsruhe/Baden-Baden
33%
Oradea
33%
Palanga-Klaipeda
33%
Perugia
33%
Pescara
33%
Poprad-Tatry
33%
Santander
33%
Romania Bacau
28%
Satu Mare
28%
Suceava
28%
Tirgu Mures
28%
Comiso
22%
Haugesund
22%
Lampedusa
22%
Radom
22%
Armenia Gyumri
17%
Olsztyn-Mazury
11%
Skavsta
11%
No matching quizzes found
Score Distribution
Percent of People with Each Score
Percentile by Number Answered
Your Score History
You have not taken this quiz since the last reset